MARC details
| 000 -CABECERA |
| campo de control de longitud fija |
00837nam a2200241 a 4500 |
| 005 - FECHA Y HORA DE LA ÚLTIMA TRANSACCIÓN |
| campo de control |
20240228063850.0 |
| 008 - ELEMENTOS DE LONGITUD FIJA--INFORMACIÓN GENERAL |
| campo de control de longitud fija |
031104m19942000mx r 000 0 spa d |
| 020 ## - NÚMERO INTERNACIONAL NORMALIZADO PARA LIBROS |
| Número Internacional Estándar del Libro |
9681645456 |
| 035 ## - NÚMERO DE CONTROL DEL SISTEMA |
| Número de control de sistema |
UPN01000130645 |
| 049 ## - COLECCIÓN |
| Colección |
I |
| 050 #4 - SIGNATURA TOPOGRÁFICA DE LA BIBLIOTECA DEL CONGRESO |
| Número de clasificación |
PZ71 |
| Número de documento/Ítem |
M3.5 1994 |
| 100 1# - ASIENTO PRINCIPAL--NOMBRE PERSONAL |
| Nombre de persona |
Machado, Ana María, |
| Fechas asociadas al nombre |
1941- |
| 9 (RLIN) |
29089 |
| 245 10 - MENCIÓN DE TÍTULO |
| Título |
Historia medio al revés / |
| Mención de responsabilidad, etc. |
Ana Maria Machado ; il. Rafael Barajas ; tr. Mónica Mansour. |
| 250 ## - MENCIÓN DE EDICIÓN |
| Mención de edición |
2a ed. |
| 260 ## - PUBLICACIÓN, DISTRIBUCIÓN, ETC. |
| Lugar de publicación, distribución, etc. |
México : |
| Nombre del editor, distribuidor, etc. |
FCE, |
| Fecha de publicación, distribución, etc. |
1994 (2000 impr.). |
| 300 ## - DESCRIPCIÓN FÍSICA |
| Extensión |
51 p. : |
| Otras características físicas |
principalmente il. |
| 440 #0 - MENCIÓN DE SERIE/ASIENTO SECUNDARIO--TÍTULO |
| Título |
A la orilla del viento. |
| Nombre de parte o sección de la obra |
Para los que empiezan a leer ; |
| Designación de volumen o secuencia |
35 |
| 534 ## - NOTA SOBRE LA VERSIÓN ORIGINAL |
| Frase introductoria |
Traducción de: |
| Mención de título del original |
Historia meio ao contrário |
| 650 #4 - ASIENTO SECUNDARIO DE MATERIA - TERMINO TEMATICO |
| Término de materia o nombre geográfico como elemento de entrada |
CUENTOS INFANTILES BRASILEÑOS |
| 9 (RLIN) |
12222 |
| 650 #4 - ASIENTO SECUNDARIO DE MATERIA - TERMINO TEMATICO |
| Término de materia o nombre geográfico como elemento de entrada |
Libros y lectura para niños |
| 9 (RLIN) |
2290 |
| 700 0# - ASIENTO SECUNDARIO--NOMBRE DE PERSONAL |
| Nombre de persona |
El Fisgón, |
| Fechas asociadas al nombre |
1956- |
| Término indicativo de función/relación |
il. |
| 9 (RLIN) |
34465 |
| 905 ## - TIPO DE MATERIAL |
| Tipo de material |
Infantil |